| 000 | 01099nam a22002777a 4500 | ||
|---|---|---|---|
| 005 | 20230921105643.0 | ||
| 010 | _a1516EN07 ENG-114877 ENG-137115 | ||
| 020 |
_a9780670087587 _c499.00 |
||
| 035 | _aEN-98409 EN-120647 | ||
| 035 | _aB-605937-960 | ||
| 037 |
_adpl _bBlueberry/Ven |
||
| 037 | _bDBAD/PUB | ||
| 082 | _a920 | ||
| 100 |
_aKapoor, Coomi _957224 |
||
| 245 |
_aThe Emergency: _bA personal history / _cBy Coomi Kapoor foreword by Arun Jaitely |
||
| 260 |
_aGurgaon _bPenguin Books _c2015 |
||
| 270 |
_a7th Floor, Infinity Tower C, DLF Cyber City _bGurgaon _e122002 |
||
| 300 |
_axxvi, 389p. _c22cm(Hb) |
||
| 500 | _aIncludes bibliographical references and index | ||
| 600 |
_aGandhi, Indira, _d1917-1984. _957225 |
||
| 600 |
_aKapoor, Coomi. _957226 |
||
| 650 |
_a Reporters and reporting _z India _vBiography. _957227 |
||
| 650 |
_aVictims _zIndia _vBiography. _957228 |
||
| 942 |
_2ddc _cEN _mKAP _h920 |
||
| 999 |
_c96108 _d96108 |
||